000 01315nam1a22004331 4500
001 RU\NLR\A1SV\131594
005 20251203171251.9
035 _a(NLR Aleph) 010554204
090 _a10351017
_c10351017
100 _a20251214 rusy50
101 0 _arus
102 _aRU
200 1 _aАрхив братьев Тургеневых
210 _d1911-1921
215 _a256 с.
300 _aВып.1-4 вышли в 1911-1915 гг.
300 _aВып.7 на правах рукоп.
620 _dСанкт-Петербург
801 0 _aRU
_bNLR
_c20141124
899 _aРНБ
_j38.18.2.1(Вып.5-6)
_z(Вып.5-6)
899 _aРНБ
_j132/82(Вып.5-6)
_z(Вып.5-6)
899 _aРНБ
_jМф К-1/6616-6
_z(Вып.5-6)
899 _aРНБ
_jМф К-1/4050-5
_z(Вып.5-6)
899 _aСГСПУ
_z(Вып.6)
899 _aУОНБ
_z(Вып.6)
899 _aCB BAN
_z(Вып.6)
899 _aНБ БГУЭП
_z(Вып.5)
899 _aНБ РС
_z(Я)(Вып.6)
899 _aИРЛИ
_z(Вып.7)
899 _aГПИБ
_z(Вып.5-6)
899 _aСПбГУ
_z(Вып.5-6)
899 _aНБ РК
_z(Вып.5)
899 _aРГБ
_z(вып.5-6)
899 _aКирОУНБ
942 _cBOOK
980 _aNB
980 _aA1SV
980 _aA1SV